Медальонът отвътре (Запис номер 513368)
[ съкратено ]
| 000 -Лидер | |
|---|---|
| Лидер | 01248nam a2200277 a 4500 |
| 003 - Код на организацията, давaща контролен номер | |
| Код на организацията, даваща контролен номер | BLK |
| 005 - Дата и час на последна редакция | |
| Дата и час на последна редакция | 20240917151432.0 |
| 008 - Елементи от данни с фиксирана дължина | |
| Елементи с фиксирана дължина | 191127b bu |||||r|||| 00| | bu d |
| 020 ## - Международен стандартен номер на книга ISBN | |
| ISBN | 9786191791569 |
| 040 ## - Източник на каталожния запис | |
| Код на библиотеката | BLK |
| 041 ## - Код за език | |
| Език | Български |
| Език за КДБФ | Български |
| 080 ## - УДК | |
| УДК текст | Турска литература |
| УДК код | 821.512.161 |
| УДК – определител | -31 |
| УДК – код + определител | 821.512.161-31 |
| 9 (RLIN) | 240045 |
| 084 ## - Класификационен индекс по друга класификация | |
| Авторски знак | Бу - Б 84 |
| 100 ## - Редна дума - Автор | |
| Автор | Будайъджъоглу, Гюлсерен |
| R(LIN) | 436545 |
| 245 ## - Сведения за заглавието | |
| Заглавие | Медальонът отвътре |
| Авторска отговорност | Гюлсерен Будайъджъоглу; прев. от турски Назъм Бекир. |
| 246 44 - Различни форми на заглавието | |
| Различни форми на заглавието | Медальонът отвътре : Психиатърът разказва ... истории от лабиринтите на живота |
| 260 ## - Област на издателските данни | |
| 9 (RLIN) | 209796 |
| Място на издаване | Пловдив |
| Име на издателя | Летера |
| Година на издаване | 2024 |
| 300 ## - Физическа характеристика | |
| Брой страници | 440 с. |
| Размер | 21 см |
| 380 ## - Жанр | |
| Жанр | Худож. лит. |
| 500 ## - Общи забележки | |
| Обща забележка | На кор. : От авторката на Върни се към живота. - За авт. на гърба на кор. |
| 700 ## - Други автори (авторска отговорност) | |
| 9 (RLIN) | 391331 |
| Друг автор | Бекир, Назъм |
| 852 ## - Местоположение | |
| Отдел | Заемна - подръчен фонд |
| Систематично-азбучна сигнатура | 821-31/Б 84 Г |
| 942 ## - АРТИКУЛИ | |
| Вид на библиотечния документ | Книги |
| Скрит в OPAC | Не |
| Периодичен библиозапис | Да |
| Koha issues (borrowed), all copies | 6 |
| 944 ## - СЪЗДАВАНЕ И РЕДАКЦИЯ на ЗАПИСА | |
| Дата на регистрацията/редакция | Севдалина Тодорова |
| Служител, извършил регистрацията/редакцията | 30542 |
| Номер на служител | Русанова Ирена |
| 999 ## - СИСТЕМНИ КОНТРОЛНИ НОМЕРА | |
| Koha biblionumber | 513368 |
| Koha biblioitemnumber | 513368 |
| Код за отписване | Код за изгубен артикул | Източник на класификационната схема | Код за повреда | Код за отдаване | Артикулен № | Име на библиотеката - собственик | Име на библиотеката, в която се намира в момента | Статус (Текущо местоположение) | Дата на вписване в системата | Местоположение - отдел | Цена в лева | Инвентарен номер | Систематично азбучна сигнатура | Баркод | Цена в евро | Служебен тип на артикула |
|---|---|---|---|---|---|---|---|---|---|---|---|---|---|---|---|---|
| Не е изгубен | Universal Decimal Classification | Не е повреден | заемане за дома | 945670 | Регионална библиотека "Любен Каравелов" Русе | Регионална библиотека "Любен Каравелов" Русе | Заемна - подръчен фонд | 2024-07-08 | Заемна - подръчен фонд | 24.01 | 120000910800 | 821-31/Б 84 Г | 120000910800 | 12.28 | Книги | |
| Не е изгубен | Universal Decimal Classification | Не е повреден | заемане за дома | 945671 | Регионална библиотека "Любен Каравелов" Русе | Регионална библиотека "Любен Каравелов" Русе | Заемна - подръчен фонд | 2024-07-08 | Заемна - подръчен фонд | 24.01 | 120000910799 | 821-31/Б 84 Г | 120000910799 | 12.28 | Книги |